Economy of modern bharat (Record no. 395933)

MARC details
000 -LEADER
fixed length control field 00533 a2200193 4500
005 - DATE & TIME
control field 20260223124522.0
008 - FIXED-LENGTH DATA ELEMENTS--GENERAL INFORMATION
fixed length control field 260223b |||||||| |||| 00| 0 eng d
020 ## - ISBN
International Standard Book Number 9789348183712
Price Rs. 2195.00
040 ## - CATALOGING SOURCE
Original cataloging agency VIVEKANANDA LIBRARY
082 ## - DDC NUMBER
Classification number 330.954
Book Number B167E
100 ## - MAIN ENTRY--PERSONAL NAME
Personal name Bajaj, Dinesh
245 ## - TITLE STATEMENT
Title Economy of modern bharat
260 ## - PUBLICATION, DISTRIBUTION, ETC. (IMPRINT)
Name of publisher, distributor, etc Cambridge Book House
Date of publication, distribution, etc 2025
Place of publication, distribution, etc Jaipur
300 ## - PHYSICAL DESCRIPTION
Pages 271
650 ## - Subject
Subject Indian - Economic Policy
650 ## - Subject
Subject Agriculture -Economic Aspects - India
650 ## - Subject
Subject Education System - India
942 ## - ADDED ENTRY ELEMENTS (KOHA)
Koha item type Books
Holdings
Withdrawn status Lost status Source of classification or shelving scheme Damaged status Not for loan Location (home branch) Sublocation or collection (holding branch) Shelving location Date acquired Koha issues (times borrowed) Koha full call number Accession No. Koha date last seen Koha item type
    Dewey Decimal Classification     VIVEKANANDA LIBRARY VIVEKANANDA LIBRARY Vivekananda Library 28/01/2026   330.954 B167E 444912 28/01/2026 Books
    Dewey Decimal Classification     VIVEKANANDA LIBRARY VIVEKANANDA LIBRARY Vivekananda Library 28/01/2026   330.954 B167E 444913 28/01/2026 Books
© Designed and Maintained by Vivekananda Library, MDU Rohtak